[Event "Catalunya-chT Gp1 Title"]
[Site "Barcelona"]
[Date "2025.03.15"]
[Round "4.1"]
[White "Khamrakulov, Ibragim S"]
[Black "Aroshidze, Levan"]
[Result "1/2-1/2"]
[WhiteElo "2378"]
[BlackElo "2532"]
[PlyCount "34"]
[EventDate "2025.02.22"]
[EventType "team-k.o."]
[EventRounds "4"]
[EventCountry "ESP"]
[SourceTitle "CB18_2025"]
[SourceDate "2025.04.30"]
[SourceVersion "1"]
[SourceVersionDate "2025.04.30"]
[SourceQuality "1"]
[WhiteTeam "Platja D'Aro"]
[BlackTeam "Olot"]
[WhiteTeamCountry "ESP"]
[BlackTeamCountry "ESP"]

1. e4 c5 2. c3 Nf6 3. e5 Nd5 4. Bc4 e6 5. Nf3 d6 6. d4 cxd4 7. cxd4 Be7 8. 0-0 0-0 9. exd6 Bxd6 10. Bg5 Be7 11. Bxe7 Nxe7 12. Nc3 Nd7 13. a4 Nf6 14. Ne5 Nf5 15. d5 exd5 16. Nxd5 Be6 17. Nxf6+ Qxf6 1/2-1/2

[Event "Silves op"]
[Site "Silves"]
[Date "2025.03.07"]
[Round "9"]
[White "Khamrakulov, Ibragim S"]
[Black "Alshameary Puente, Ismael"]
[Result "1/2-1/2"]
[WhiteElo "2378"]
[BlackElo "2347"]
[PlyCount "81"]
[EventDate "2025.03.01"]
[EventType "swiss"]
[EventRounds "9"]
[EventCountry "POR"]
[SourceTitle "CB11_2025"]
[SourceDate "2025.03.12"]
[SourceVersion "1"]
[SourceVersionDate "2025.03.12"]
[SourceQuality "1"]

1. e4 c5 2. c3 d5 3. exd5 Qxd5 4. d4 g6 5. Na3 Bg7 6. Nf3 cxd4 7. Bc4 Qe4+ 8. Be3 Nh6 9. Nb5 0-0 10. cxd4 Nf5 11. 0-0 Nxe3 12. fxe3 Qxe3+ 13. Kh1 Nc6 14. Nc7 Rb8 15. Nd5 Qh6 16. Bb5 e6 17. Bxc6 bxc6 18. Ne7+ Kh8 19. b3 Ba6 20. Rf2 c5 21. Ne5 Bxe5 22. dxe5 Qh4 23. Rf6 Rbd8 24. Qf3 Rd7 25. Nc6 Rd3 26. Qf1 Rh3 27. Qg1 Bb7 28. Na5 Bd5 29. Nc4 Kg8 30. Raf1 Rc3 31. R6f4 Qg5 32. Qf2 Rd3 33. Kg1 Qe7 34. Ne3 h5 35. Rf6 Rd4 36. g4 hxg4 37. Qh4 Qc7 38. Nxg4 Rxg4+ 39. Qxg4 Qxe5 40. Qf4 Qc7 41. Qh6 1/2-1/2

[Event "Silves op"]
[Site "Silves"]
[Date "2025.03.06"]
[Round "8"]
[White "Malassagne, Raphael"]
[Black "Khamrakulov, Ibragim S"]
[Result "0-1"]
[WhiteElo "2267"]
[BlackElo "2378"]
[PlyCount "82"]
[EventDate "2025.03.01"]
[EventType "swiss"]
[EventRounds "9"]
[EventCountry "POR"]
[SourceTitle "CB11_2025"]
[SourceDate "2025.03.12"]
[SourceVersion "1"]
[SourceVersionDate "2025.03.12"]
[SourceQuality "1"]

1. d4 Nf6 2. Bf4 e6 3. e3 c5 4. Nd2 Nc6 5. Ngf3 d5 6. c3 Nh5 7. Bg5 Qb6 8. Rb1 h6 9. Bh4 g5 10. Ne5 Ng7 11. Bg3 Nf5 12. Qh5 Qc7 13. Nxc6 Nxg3 14. hxg3 bxc6 15. Bd3 cxd4 16. exd4 e5 17. dxe5 Qxe5+ 18. Kf1 Qf6 19. c4 Bc5 20. Qf3 Ke7 21. b4 Bd4 22. b5 Rb8 23. cxd5 cxd5 24. Rc1 Bb6 25. Qxf6+ Kxf6 26. a4 Be6 27. Ke2 Kg7 28. Rhd1 Rbe8 29. Kf1 h5 30. Nb3 h4 31. gxh4 Rxh4 32. g3 Rxa4 33. Nc5 Bh3+ 34. Kg1 Ra2 35. Bf1 Bxf1 36. Kxf1 Ree2 37. Rxd5 Rxf2+ 38. Kg1 Rg2+ 39. Kh1 Rh2+ 40. Kg1 Rag2+ 41. Kf1 Rxg3 0-1

[Event "Catalunya-chT Gp1"]
[Site "Barcelona"]
[Date "2025.02.01"]
[Round "3.2"]
[White "Lazaro Pujol, Abel"]
[Black "Khamrakulov, Ibragim S"]
[Result "1/2-1/2"]
[WhiteElo "2321"]
[BlackElo "2388"]
[PlyCount "79"]
[EventDate "2025.01.18"]
[EventType "team-tourn"]
[EventRounds "5"]
[EventCountry "ESP"]
[SourceTitle "CB07_2025"]
[SourceDate "2025.02.12"]
[SourceVersion "1"]
[SourceVersionDate "2025.02.12"]
[SourceQuality "1"]
[WhiteTeam "Figueres"]
[BlackTeam "Platja D'Aro"]
[WhiteTeamCountry "ESP"]
[BlackTeamCountry "ESP"]

1. e4 c5 2. Nf3 e6 3. d4 cxd4 4. Nxd4 a6 5. Be2 Nf6 6. Nc3 Bb4 7. 0-0 Qc7 8. Bg5 Bxc3 9. Bxf6 gxf6 10. bxc3 Qxc3 11. Rb1 d6 12. Rb3 Qc7 13. Qd2 Nd7 14. Rc3 Nc5 15. Nb3 Bd7 16. Qf4 0-0-0 17. Qxf6 Bc6 18. Nxc5 dxc5 19. Rxc5 Kb8 20. Qc3 Qb6 21. Rc4 a5 22. Bd3 Rhg8 23. Rc5 f5 24. Qe5+ Qc7 25. Rxa5 fxe4 26. Ra8+ Kxa8 27. Qxc7 exd3 28. Qa5+ Kb8 29. Rd1 Rxg2+ 30. Kf1 Rd5 31. Qc3 dxc2 32. Rxd5 Bxd5 33. Qxc2 Rxh2 34. Qc5 Rh1+ 35. Ke2 h5 36. Qd6+ Ka7 37. a4 h4 38. Qb4 h3 39. Qa5+ Kb8 40. Qd8+ 1/2-1/2

[Event "Catalunya-chT Gp1"]
[Site "Barcelona"]
[Date "2025.01.18"]
[Round "1.1"]
[White "Khamrakulov, Ibragim S"]
[Black "Sosa, Tomas"]
[Result "1/2-1/2"]
[WhiteElo "2388"]
[BlackElo "2520"]
[PlyCount "30"]
[EventDate "2025.01.18"]
[EventType "team-tourn"]
[EventRounds "5"]
[EventCountry "ESP"]
[SourceTitle "CB07_2025"]
[SourceDate "2025.02.12"]
[SourceVersion "1"]
[SourceVersionDate "2025.02.12"]
[SourceQuality "1"]
[WhiteTeam "Platja D'Aro"]
[BlackTeam "Mollet"]
[WhiteTeamCountry "ESP"]
[BlackTeamCountry "ESP"]

1. e4 c6 2. d4 d5 3. exd5 cxd5 4. c4 Nf6 5. Nc3 g6 6. cxd5 Bg7 7. Qb3 0-0 8. Be2 Na6 9. Bf3 b5 10. a3 Rb8 11. Bf4 Rb6 12. Nge2 b4 13. Na4 Rb5 14. Nc5 Qa5 15. 0-0 bxa3 1/2-1/2

[Event "Lorca op 13th"]
[Site "Lorca"]
[Date "2024.12.28"]
[Round "4"]
[White "Fernandez Bustamante, Leancy B"]
[Black "Khamrakulov, Ibragim S"]
[Result "0-1"]
[WhiteElo "2129"]
[BlackElo "2388"]
[PlyCount "130"]
[EventDate "2024.12.26"]
[EventType "swiss"]
[EventRounds "9"]
[EventCountry "ESP"]
[SourceTitle "CB02_2025"]
[SourceDate "2025.01.08"]
[SourceVersion "1"]
[SourceVersionDate "2025.01.08"]
[SourceQuality "1"]

1. e4 c5 2. Nf3 e6 3. d4 cxd4 4. Nxd4 a6 5. c4 Nc6 6. Nc3 Bb4 7. Nxc6 bxc6 8. Qd4 f6 9. Be2 c5 10. Qd3 Bb7 11. 0-0 Ne7 12. Rd1 Nc6 13. a3 Bxc3 14. bxc3 Ne5 15. Qe3 Qc7 16. f4 Nf7 17. Qg3 Bxe4 18. Qxg7 Ke7 19. Bh5 Bg6 20. Bxg6 hxg6 21. Qxg6 Rag8 22. Qd3 Qc6 23. Ra2 Rg4 24. Rad2 d6 25. Re2 e5 26. Rf1 Nd8 27. Qf5 Rhg8 28. g3 R4g6 29. fxe5 fxe5 30. Be3 Qd7 31. Qh5 Qg4 32. Qxg4 Rxg4 33. Bxc5 dxc5 34. Rxe5+ Ne6 35. Rfe1 R8g6 36. Rxc5 Kd6 37. Ra5 Nc7 38. Rd1+ Kc6 39. Rd4 R4g5 40. Rxg5 Rxg5 41. g4 Ne6 42. Re4 Kd6 43. h4 Ra5 44. g5 Rxa3 45. g6 Rxc3 46. Kg2 Ng7 47. Rf4 Ke5 48. Rf7 Nh5 49. g7 Rg3+ 50. Kf2 Rg6 51. c5 Rxg7 52. Rxg7 Nxg7 53. Ke3 Kd5 54. Kd3 Kxc5 55. Kc3 a5 56. Kb3 Kb5 57. Ka3 a4 58. Ka2 Kb4 59. Kb2 a3+ 60. Ka2 Ka4 61. Kb1 Kb3 62. h5 Nxh5 63. Ka1 Ng7 64. Kb1 Nf5 65. Ka1 Nd4 0-1

[Event "Lorca op 13th"]
[Site "Lorca"]
[Date "2024.12.27"]
[Round "3"]
[White "Khamrakulov, Ibragim S"]
[Black "Vehi Bach, Victor Manuel"]
[Result "1/2-1/2"]
[WhiteElo "2388"]
[BlackElo "2184"]
[PlyCount "180"]
[EventDate "2024.12.26"]
[EventType "swiss"]
[EventRounds "9"]
[EventCountry "ESP"]
[SourceTitle "CB02_2025"]
[SourceDate "2025.01.08"]
[SourceVersion "1"]
[SourceVersionDate "2025.01.08"]
[SourceQuality "1"]

1. e4 c5 2. Nf3 e6 3. c3 Nf6 4. e5 Nd5 5. Bc4 d6 6. d4 cxd4 7. cxd4 Be7 8. 0-0 0-0 9. Qe2 b6 10. Qe4 Ba6 11. b3 dxe5 12. Nxe5 b5 13. Bd3 f5 14. Qf3 Qb6 15. Be3 Bb7 16. Qh3 Bf6 17. Nf3 Nc6 18. Na3 a6 19. Nc2 Ncb4 20. Nxb4 Nxb4 21. Rad1 Qd6 22. Bb1 Rac8 23. Ne5 Nd5 24. Qg3 Nc3 25. Rd2 Be4 26. Bd3 Bxe5 27. Qxe5 Rfd8 28. Bxe4 Nxe4 29. Rb2 Kf7 30. f3 Nc3 31. Qxd6 Rxd6 32. Rc1 Rdc6 33. Kf2 Nd5 34. Rxc6 Rxc6 35. Bd2 Ke7 36. Ke2 Kd6 37. Kd3 Rc8 38. Rb1 h6 39. h4 h5 40. Rg1 g6 41. a3 Rc7 42. Ra1 Rc8 43. g3 Rc7 44. a4 b4 45. Rg1 a5 46. g4 fxg4 47. fxg4 Rf7 48. gxh5 gxh5 49. Rg5 Rf3+ 50. Kc2 Rf5 51. Rxf5 exf5 52. Kd3 Ke6 53. Bg5 Nf6 54. Ke3 Nd5+ 55. Kf3 Kd7 56. Kg3 Kc7 57. Kf3 Kd7 58. Ke2 Kc7 59. Kd3 Nb6 60. d5 Nxd5 61. Kd4 Kc6 62. Bd8 Nb6 63. Ke3 Nd5+ 64. Kf3 Kc5 65. Bxa5 Ne7 66. Bd8 Nc6 67. Bf6 Kd6 68. Kf4 Na5 69. Kg5 Nxb3 70. Kxh5 Kd5 71. Kg5 Nd4 72. a5 Ke4 73. Bxd4 Kxd4 74. a6 b3 75. a7 b2 76. a8Q b1Q 77. Qd8+ Ke4 78. Qe8+ Kf3 79. h5 Qe4 80. Qf7 Qg4+ 81. Kf6 f4 82. h6 Qh4+ 83. Kg7 Kg2 84. Qg6+ Kh2 85. Qc2+ Kg3 86. Qg6+ Kh2 87. Qd6 Kg2 88. Qd2+ Kh3 89. Qd3+ Kg2 90. Qe2+ Kg1 1/2-1/2

[Event "Alfaro op 13th"]
[Site "Alfaro"]
[Date "2024.11.03"]
[Round "6"]
[White "Glavina, Pablo"]
[Black "Khamrakulov, Ibragim S"]
[Result "1/2-1/2"]
[WhiteElo "2363"]
[BlackElo "2384"]
[PlyCount "61"]
[EventDate "2024.10.31"]
[EventType "swiss"]
[EventRounds "7"]
[EventCountry "ESP"]
[SourceTitle "CB45_2024"]
[Source "ChessBase"]
[SourceDate "2024.11.06"]
[SourceVersion "1"]
[SourceVersionDate "2024.11.06"]
[SourceQuality "1"]

1. d4 Nf6 2. c4 e6 3. g3 Bb4+ 4. Bd2 Bxd2+ 5. Qxd2 c5 6. Nf3 cxd4 7. Bg2 d5 8. Nxd4 Nc6 9. cxd5 Nxd5 10. Nxc6 bxc6 11. 0-0 0-0 12. Rc1 Qb6 13. Na3 a5 14. e4 Qb4 15. Qxb4 Nxb4 16. Nc4 Ba6 17. Nxa5 Bb5 18. a4 Rxa5 19. axb5 Rxb5 20. Rc3 Rd8 21. Ra7 g6 22. Bf1 Rbb8 23. Rf3 Rf8 24. Rd7 c5 25. Rc7 Nc2 26. Rxc5 Rxb2 27. Rd3 Rfb8 28. Rd1 Nb4 29. Rd7 Rc2 30. Rcc7 Rxc7 31. Rxc7 1/2-1/2

[Event "Alfaro op 13th"]
[Site "Alfaro"]
[Date "2024.11.02"]
[Round "4"]
[White "Santos Usua, Mikel"]
[Black "Khamrakulov, Ibragim S"]
[Result "0-1"]
[WhiteElo "1997"]
[BlackElo "2384"]
[PlyCount "93"]
[EventDate "2024.10.31"]
[EventType "swiss"]
[EventRounds "7"]
[EventCountry "ESP"]
[SourceTitle "CB45_2024"]
[Source "ChessBase"]
[SourceDate "2024.11.06"]
[SourceVersion "1"]
[SourceVersionDate "2024.11.06"]
[SourceQuality "1"]

1. d4 Nf6 2. Nf3 e6 3. c4 b6 4. g3 Bb4+ 5. Bd2 Bxd2+ 6. Qxd2 Bb7 7. Bg2 d5 8. cxd5 Bxd5 9. Nc3 Ne4 10. Nxe4 Bxe4 11. 0-0 Nc6 12. Qf4 f5 13. Rac1 Qd5 14. Qxc7 0-0 15. Rfd1 Rac8 16. Qf4 Qxa2 17. Ng5 Nxd4 18. Bf1 Rxc1 19. Qxc1 Qa4 20. Rxd4 Qxd4 21. Nxe6 Qe5 22. Nxf8 Kxf8 23. Qd2 Qd5 24. Qb4+ Kf7 25. f3 Bc2 26. e4 Qc5+ 27. Qxc5 bxc5 28. e5 Ke6 29. f4 Kd5 30. Kf2 c4 31. Ke3 Be4 32. g4 g6 33. gxf5 Bxf5 34. Bg2+ Kc5 35. Be4 Bh3 36. Bc2 a5 37. Bd1 Bd7 38. Bc2 a4 39. e6 Be8 40. Ke4 c3 41. bxc3 Kc4 42. Bxa4 Bxa4 43. h4 Kc5 44. Ke5 Be8 45. Kf6 Kd6 46. c4 h5 47. c5+ 0-1

[Event "Alfaro op 13th"]
[Site "Alfaro"]
[Date "2024.11.01"]
[Round "2"]
[White "Lopez Ruiz, Jarein"]
[Black "Khamrakulov, Ibragim S"]
[Result "1/2-1/2"]
[WhiteElo "1981"]
[BlackElo "2384"]
[PlyCount "129"]
[EventDate "2024.10.31"]
[EventType "swiss"]
[EventRounds "7"]
[EventCountry "ESP"]
[SourceTitle "CB45_2024"]
[Source "ChessBase"]
[SourceDate "2024.11.06"]
[SourceVersion "1"]
[SourceVersionDate "2024.11.06"]
[SourceQuality "1"]

1. c4 c5 2. Nf3 Nc6 3. d4 cxd4 4. Nxd4 Nf6 5. Nc3 e6 6. g3 Bb4 7. Bg2 0-0 8. 0-0 d5 9. cxd5 exd5 10. Bg5 Be6 11. e4 Bxc3 12. Nxc6 bxc6 13. bxc3 dxe4 14. Qxd8 Rfxd8 15. Bxf6 gxf6 16. Bxe4 Rd6 17. Kg2 Kg7 18. Rfb1 Rad8 19. Rb7 f5 20. Bf3 a6 21. Rc7 Rd3 22. Rxc6 Rxf3 23. Rxe6 fxe6 24. Kxf3 Rd3+ 25. Kg2 Rxc3 26. Rd1 Ra3 27. Rd7+ Kf6 28. Rxh7 Rxa2 29. Ra7 e5 30. h4 e4 31. Kg1 Kg6 32. Kf1 f4 33. gxf4 Kf5 34. h5 Kg4 35. Rg7+ Kxh5 36. Re7 Kg4 37. Rxe4 Kf3 38. Re3+ Kxf4 39. Re8 a5 40. Kg2 a4 41. Ra8 Ke4 42. Kg3 Ra1 43. Kg2 a3 44. Ra7 Kd4 45. Ra8 Kc4 46. Ra7 Kb3 47. Rb7+ Ka2 48. f4 Rb1 49. Ra7 Rb3 50. Re7 Kb2 51. Re2+ Kc3 52. Kf3 Rb2 53. Re3+ Kb4 54. Re4+ Kb5 55. Re5+ Ka4 56. Re4+ Rb4 57. Re2 Kb3 58. Re3+ Kb2 59. Re2+ Kb1 60. Re1+ Kb2 61. Re2+ Kb3 62. Re3+ Ka4 63. Re2 Kb3 64. Re3+ Kb2 65. Re2+ 1/2-1/2

[Event "ESP-ch Rapid"]
[Site "Mengibar"]
[Date "2024.08.17"]
[Round "10"]
[White "Moreno Tejera, Emilio"]
[Black "Khamrakulov, Ibragim S"]
[Result "1/2-1/2"]
[WhiteElo "2422"]
[BlackElo "2403"]
[PlyCount "129"]
[EventDate "2024.08.17"]
[EventType "swiss (rapid)"]
[EventRounds "10"]
[EventCountry "ESP"]
[SourceTitle "CBM 221 Extra"]
[Source "ChessBase"]
[SourceDate "2024.09.30"]
[SourceVersion "1"]
[SourceVersionDate "2024.09.30"]
[SourceQuality "1"]

1. e4 c5 2. Nf3 e6 3. d4 cxd4 4. Nxd4 a6 5. Nc3 Qc7 6. g3 Nf6 7. Bg2 d6 8. 0-0 Nc6 9. a4 Be7 10. Be3 0-0 11. h3 Ne5 12. Kh1 Nc4 13. Bc1 e5 14. Nde2 Rb8 15. g4 h6 16. b3 Nb6 17. a5 Nbd7 18. Be3 b5 19. axb6 Nxb6 20. f4 exf4 21. Bxf4 Nbd7 22. Qe1 Nc5 23. Ng3 Ne6 24. Bd2 Nd4 25. Qf2 Nb5 26. Nxb5 Rxb5 27. Bf4 h5 28. g5 Nd7 29. Nf5 Ne5 30. Qg3 g6 31. Nxe7+ Qxe7 32. c4 Rc5 33. Be3 Rc7 34. Rad1 Rb7 35. Bd4 Re8 36. Bb2 Qc7 37. Ba3 Rb6 38. Rf6 Be6 39. Qf4 Reb8 40. Kh2 Nd7 41. Bxd6 Rxd6 42. Rxd6 Rb6 43. e5 Rxd6 44. exd6 Qc5 45. h4 a5 46. Bh3 Nxf6 47. gxf6 Bxh3 48. Kxh3 Qb6 49. Qd2 Qxb3+ 50. Kh2 Qxc4 51. d7 Qxh4+ 52. Kg1 Qg3+ 53. Kf1 Qf3+ 54. Ke1 Qe4+ 55. Kd1 Qb1+ 56. Ke2 Qe4+ 57. Kd1 Qb1+ 58. Ke2 Qe4+ 59. Kf2 Qf5+ 60. Ke2 Qe4+ 61. Kd1 Qb1+ 62. Ke2 Qe4+ 63. Kd1 Qb1+ 64. Ke2 Qe4+ 65. Kd1 1/2-1/2

[Event "ESP-ch Blitz"]
[Site "Mengibar"]
[Date "2024.08.16"]
[Round "7"]
[White "Domingo Nunez, Ruben"]
[Black "Khamrakulov, Ibragim S"]
[Result "0-1"]
[WhiteElo "2406"]
[BlackElo "2403"]
[PlyCount "106"]
[EventDate "2024.08.16"]
[EventType "swiss (blitz)"]
[EventRounds "11"]
[EventCountry "ESP"]
[SourceTitle "CBM 221 Extra"]
[Source "ChessBase"]
[SourceDate "2024.09.30"]
[SourceVersion "1"]
[SourceVersionDate "2024.09.30"]
[SourceQuality "1"]

1. e4 c5 2. d4 cxd4 3. c3 Nf6 4. e5 Nd5 5. Nf3 d6 6. Qxd4 e6 7. Nbd2 Nc6 8. Bb5 Bd7 9. Bxc6 Bxc6 10. Nc4 dxe5 11. Ncxe5 f6 12. Nxc6 bxc6 13. Qc4 Qd7 14. 0-0 Bd6 15. Re1 e5 16. Qd3 0-0 17. c4 Nb4 18. Qd1 Rfd8 19. a3 Na6 20. b4 Qf7 21. Qe2 c5 22. b5 Nc7 23. a4 Ne6 24. a5 Nd4 25. Nxd4 exd4 26. Bd2 d3 27. Qg4 Be5 28. Rab1 Rab8 29. b6 axb6 30. axb6 Rd4 31. Qf3 Qxc4 32. Rec1 Qd5 33. Qh3 Qc6 34. Be3 Rd5 35. Qf3 c4 36. b7 c3 37. Ba7 Rxb7 38. Rxb7 Qxb7 39. Rd1 c2 40. Rf1 d2 41. Qh5 g6 42. Qh3 Qxa7 43. Qe6+ Qf7 44. Qc8+ Kg7 45. Qxc2 Qc7 46. Qb3 Rd7 47. g3 Qc3 48. Qa4 Qd4 49. Qd1 Rc7 50. Qb1 Qd6 51. Rd1 Bc3 52. Qb3 Qc6 53. Qc2 Re7 0-1

[Event "ESP-ch Blitz"]
[Site "Mengibar"]
[Date "2024.08.16"]
[Round "5"]
[White "Moreno Tejera, Emilio"]
[Black "Khamrakulov, Ibragim S"]
[Result "0-1"]
[WhiteElo "2422"]
[BlackElo "2403"]
[PlyCount "44"]
[EventDate "2024.08.16"]
[EventType "swiss (blitz)"]
[EventRounds "11"]
[EventCountry "ESP"]
[SourceTitle "CBM 221 Extra"]
[Source "ChessBase"]
[SourceDate "2024.09.30"]
[SourceVersion "1"]
[SourceVersionDate "2024.09.30"]
[SourceQuality "1"]

1. e4 c5 2. d3 g6 3. f4 Bg7 4. Nf3 Nc6 5. Be2 e6 6. 0-0 d5 7. c3 Nge7 8. Be3 d4 9. Bf2 0-0 10. c4 e5 11. fxe5 Nxe5 12. Nxe5 Bxe5 13. Nd2 h6 14. Nf3 Bg7 15. Bg3 f5 16. Nd2 g5 17. exf5 Nxf5 18. Qb3 Qe7 19. Rae1 Qe3+ 20. Bf2 Qxd2 21. Bf3 Ne3 22. Re2 Qb4 0-1

[Event "ESP-chT CECLUB Div2"]
[Site "Linares"]
[Date "2024.08.12"]
[Round "2.37"]
[White "Khamrakulov, Ibragim S"]
[Black "Gomez Pastrana, Juan"]
[Result "1-0"]
[WhiteElo "2403"]
[BlackElo "2216"]
[PlyCount "107"]
[EventDate "2024.08.11"]
[EventType "team-swiss"]
[EventRounds "7"]
[EventCountry "ESP"]
[SourceTitle "CBM 221 Extra"]
[Source "ChessBase"]
[SourceDate "2024.09.30"]
[SourceVersion "1"]
[SourceVersionDate "2024.09.30"]
[SourceQuality "1"]
[WhiteTeam "Platja D'Aro"]
[BlackTeam "Promesas de Valladolid"]
[WhiteTeamCountry "ESP"]
[BlackTeamCountry "ESP"]

1. e4 c5 2. c3 Nf6 3. e5 Nd5 4. Bc4 Nb6 5. Bb3 d5 6. exd6 Qxd6 7. Nf3 e5 8. Qe2 Nc6 9. Na3 Be7 10. Nb5 Qd7 11. a4 a6 12. Na3 Qg4 13. d3 0-0 14. 0-0 Bf5 15. Nc4 Nxc4 16. Bxc4 Rad8 17. Re1 Rfe8 18. Be3 b6 19. Rad1 Rd6 20. Bc1 Bd8 21. h3 Qh5 22. Ng5 Qxe2 23. Bxf7+ Kh8 24. Rxe2 Rf8 25. Bc4 Bxg5 26. Bxg5 Ra8 27. f4 exf4 28. Bxf4 Rd7 29. Rde1 Bg6 30. Bxa6 Na5 31. Bb5 Rdd8 32. Bc7 Rdc8 33. Bxb6 Nb3 34. Bc4 Na5 35. Bd5 Ra6 36. Re6 Bf7 37. R6e5 Bxd5 38. Bxa5 Bg8 39. b4 cxb4 40. cxb4 Rc2 41. R1e2 Rc1+ 42. Kh2 h6 43. Re7 Bb3 44. Bc7 Bxa4 45. d4 Bb5 46. Rf2 Rg6 47. d5 Rd1 48. d6 Bc6 49. Re5 Rd3 50. b5 Bb7 51. Re7 Rdg3 52. Ree2 Rd3 53. Rd2 Rgg3 54. d7 1-0

[Event "Valencia Cuna op 5th"]
[Site "Valencia"]
[Date "2024.07.11"]
[Round "6"]
[White "Khamrakulov, Ibragim S"]
[Black "Zhao, Yuanhe"]
[Result "0-1"]
[WhiteElo "2392"]
[BlackElo "2491"]
[PlyCount "54"]
[EventDate "2024.07.06"]
[EventType "swiss"]
[EventRounds "9"]
[EventCountry "ESP"]
[SourceTitle "CBM 221 Extra"]
[Source "ChessBase"]
[SourceDate "2024.09.30"]
[SourceVersion "1"]
[SourceVersionDate "2024.09.30"]
[SourceQuality "1"]

1. e4 c5 2. c3 Nf6 3. e5 Nd5 4. Bc4 Nb6 5. Bb3 d5 6. exd6 Qxd6 7. d4 cxd4 8. cxd4 Nc6 9. Nf3 Be6 10. Bxe6 Qxe6+ 11. Be3 Nd5 12. Qe2 g6 13. Nc3 Rd8 14. Ng5 Qf5 15. g4 Nxc3 16. bxc3 Qd5 17. 0-0-0 Rc8 18. Kb2 Na5 19. Bf4 Bg7 20. Rhe1 0-0 21. Qxe7 Rc6 22. Qe2 Rb6+ 23. Kc1 Nc4 24. Ne4 Qb5 25. Qc2 Na3 26. Qb3 Qa6 27. Nc5 Qa5 0-1

[Event "Valencia Cuna op 5th"]
[Site "Valencia"]
[Date "2024.07.08"]
[Round "3"]
[White "Fiorito, Fabian"]
[Black "Khamrakulov, Ibragim S"]
[Result "1/2-1/2"]
[WhiteElo "2261"]
[BlackElo "2392"]
[PlyCount "78"]
[EventDate "2024.07.06"]
[EventType "swiss"]
[EventRounds "9"]
[EventCountry "ESP"]
[SourceTitle "CBM 221 Extra"]
[Source "ChessBase"]
[SourceDate "2024.09.30"]
[SourceVersion "1"]
[SourceVersionDate "2024.09.30"]
[SourceQuality "1"]

1. d4 Nf6 2. c4 e6 3. Nf3 b6 4. g3 Bb4+ 5. Bd2 a5 6. Bg2 Bb7 7. 0-0 0-0 8. Bf4 Be7 9. Nc3 d6 10. Qc2 Qc8 11. Rad1 Nbd7 12. Rfe1 Nh5 13. Bc1 c6 14. e4 e5 15. Bh3 exd4 16. Nxd4 Qc7 17. Nf5 Nc5 18. Qe2 g6 19. Nxe7+ Qxe7 20. Bg2 Rfe8 21. f4 Rad8 22. Qf2 b5 23. cxb5 cxb5 24. Nxb5 Nxe4 25. Qa7 d5 26. Nc3 Nhf6 27. Qd4 Rc8 28. Bf1 Qc7 29. Nxe4 Nxe4 30. Bh3 f5 31. Be3 Qc4 32. Bf1 Qxd4 33. Bxd4 Re6 34. Bd3 Kf7 35. Rc1 Rec6 36. Rxc6 Rxc6 37. Kg2 Ke6 38. Kf3 Bc8 39. Ke3 Ba6 1/2-1/2

[Event "Dos Hermanas Rapid 36th"]
[Site "Dos Hermanas"]
[Date "2024.06.06"]
[Round "1"]
[White "Khamrakulov, Ibragim S"]
[Black "Salas Gonzalez, Francisco I"]
[Result "1-0"]
[WhiteElo "2412"]
[BlackElo "1781"]
[PlyCount "65"]
[EventDate "2024.06.06"]
[EventType "swiss (rapid)"]
[EventRounds "8"]
[EventCountry "ESP"]
[SourceTitle "CBM 220 Extra"]
[Source "ChessBase"]
[SourceDate "2024.07.31"]
[SourceVersion "1"]
[SourceVersionDate "2024.07.31"]
[SourceQuality "1"]

1. e4 c5 2. c3 Nc6 3. d4 cxd4 4. cxd4 d5 5. exd5 Qxd5 6. Nf3 e5 7. Nc3 Bb4 8. Be2 Nf6 9. 0-0 Bxc3 10. bxc3 0-0 11. dxe5 Qxd1 12. Rxd1 Ng4 13. Bf4 Re8 14. Bb5 a6 15. Bxc6 bxc6 16. Rd6 Bb7 17. Rb1 Re7 18. h3 Nh6 19. Bxh6 gxh6 20. Nd4 c5 21. Nf5 Rc7 22. Nxh6+ Kg7 23. f4 Be4 24. Re1 Bg6 25. Ng4 h5 26. Nf6 a5 27. g4 hxg4 28. hxg4 Rb8 29. f5 Bh7 30. Red1 Rb2 31. Nh5+ Kf8 32. Rd8+ Ke7 33. f6+ 1-0

[Event "Catalunya-chT Gp1 Final"]
[Site "Barcelona"]
[Date "2024.03.09"]
[Round "1.3"]
[White "Alonso Arburu, Juan Ignacio"]
[Black "Khamrakulov, Ibragim S"]
[Result "0-1"]
[WhiteElo "2365"]
[BlackElo "2418"]
[PlyCount "100"]
[EventDate "2024.03.09"]
[EventType "team-k.o."]
[EventRounds "3"]
[EventCountry "ESP"]
[SourceTitle "CBM 220 Extra"]
[Source "ChessBase"]
[SourceDate "2024.07.31"]
[SourceVersion "1"]
[SourceVersionDate "2024.07.31"]
[SourceQuality "1"]
[WhiteTeam "Cerdanyola Valles"]
[BlackTeam "Platja D'Aro"]
[WhiteTeamCountry "ESP"]
[BlackTeamCountry "ESP"]

1. e4 c5 2. Nf3 e6 3. d4 cxd4 4. Nxd4 a6 5. c4 Nc6 6. Nc3 Bc5 7. Be3 Qb6 8. Na4 Qa5+ 9. Bd2 Bb4 10. Nxc6 dxc6 11. Nc3 Qc7 12. Qg4 f5 13. Qh5+ Qf7 14. Qxf7+ Kxf7 15. e5 Ne7 16. 0-0-0 b5 17. Kc2 Bc5 18. f3 bxc4 19. Bxc4 Nd5 20. g4 g6 21. Bh6 a5 22. Na4 Bf8 23. Bxf8 Rxf8 24. Bxd5 cxd5 25. g5 Bd7 26. Nc3 Rab8 27. a3 Rb7 28. Rd2 Rc8 29. Rd4 Kg7 30. Kc1 h6 31. gxh6+ Kxh6 32. Rg1 Bb5 33. h4 Be2 34. Rf4 d4 35. Rxd4 Bxf3 36. Rd6 Bd5 37. Rf1 Rc5 38. Rf4 Bb3 39. Kd2 Rxe5 40. Rd8 Rc5 41. Rfd4 Rcc7 42. Ke3 e5 43. R4d6 Bf7 44. Nd1 Rb3+ 45. Kd2 Rh3 46. Ne3 Kg7 47. R8d7 Rh2+ 48. Kd3 e4+ 49. Kd4 Rd2+ 50. Ke5 Rxd7 0-1